Ekologická výchova v mateřské škole : pomocný materiál /

Hlavní autor: Horká, Hana, 1949-
Jazyk: Čeština
Vydáno: Brno : Masarykova univerzita, 1994
Témata:
Fyzický popis: 27 s.
Knihy
Uloženo v:
LEADER 00784nam a22002172a 4500
001 000060289
003 CZ BrMZK
005 19950407143423.0
008 950407s1994 xr f cze d
040 |a BOA001  |b cze 
080 |a 372.362(076):373.23  |2 MRF 
080 |a 373.24:504(076)  |2 MRF 
100 1 |a Horká, Hana,  |d 1949-  |7 mzk2005295002 
245 1 0 |a Ekologická výchova v mateřské škole :  |b pomocný materiál /  |c Hana Horká 
260 |a Brno :  |b Masarykova univerzita,  |c 1994 
300 |a 27 s. 
910 |a BOA001  |b PK-0123.875 
964 |a Výchova ekologická - metodiky - školy mateřské 
964 |a Děti předškolní - výchova ekologická - příručky 
990 |a BK 
996 7 |b 3119973406  |c PK-0123.875  |l MZK  |r Sklad / do 1 hodiny  |n 38  |w 000060289  |u 000010  |a 1  |e BOA001  |j MZK50  |s A